000 00804nab a2200241 4500
003 BR-BrBNA
005 20241022110109.0
008 241022b bl.||||| |||| 00| 0 por d
040 _aBR-BrBNA
_bpor
072 _aF01 ; E70
_b0810
100 _aVicentini, Cinthia Antoniali
100 _4Araújo, Elaine C. Quintino
245 _aVale aumenta plantio
_bMelão
500 _a1 illus.; 1 graph
650 _aMELÃO
650 _aVALE DO SÃO FRANCISCO
650 _aPRODUÇÃO
650 _aINCREMENTO
650 _aCOMERCIALIZAÇÃO
773 0 _04115
_9345089
_dPiracicaba-SP Centro de Estudos Avançados em Economia Aplicada-CEPEA/USP/ESALQ 2002
_o2024-5514
_tHortifruti Brasil (Brazil)
_x1981-1837
_gv. 3(32) p. 19; (Jan-Feb 2005)
_wBR2024003082
942 _cANA
999 _c328224
_d328224